It looks like you're offline.
Open Library logo
additional options menu

MARC record from Internet Archive

LEADER: 00900cam 22002413a 4500
001 2002559217
003 DLC
005 20030306202536.0
008 890531s1989 nyu 000 1 eng d
010 $a 2002559217
020 $a0886773512 (pbk.)
035 $a(OCoLC)ocm19788044
040 $aOCO$cOCO$dDLC
042 $alccopycat
050 00 $aCPB Box no. 1787 vol. 8
100 1 $aWallace, Ian.
245 10 $aMegalomania /$cIan Wallace.
260 $aNew York, NY :$bDAW Books,$cc1989.
300 $a179 p. ;$c18 cm.
440 0 $aDAW book collectors ;$vno. 781
505 2 $aRebellion in heaven. The rebellion ; Enter the devil ; The shape of Dino's vendetta -- High-velocity music. The bird-people of Hollow Hudibras ; Party on outer Hudibras ; Foreplay ; Seduction ; Repose at Zaubergerschloss.
655 7 $aScience fiction.$2gsafd
710 2 $aCopyright Paperback Collection (Library of Congress)$5DLC